| 000 | 00000nam##2200000za#4500 |
| 001 | 9.641797 |
| 003 | CaOODSP |
| 005 | 20210624223406 |
| 007 | cr ||||||||||| |
| 008 | 150407|1954||||xxc|||||o f|0| 0 fre|d |
| 040 | |aCaOODSP|bfre |
| 043 | |an-cn--- |
| 086 | 1 |aA22-578/1939F-PDF |
| 110 | 1 |aCanada.|bAgriculture Canada. |bFermes expérimentales fédérales. |
| 245 | 10|aLes fermes expérimentales, un demi-siècle de progrès, 1886-1936 |h[ressource électronique] |
| 260 | |aOttawa - Ontario : |bAgriculture Canada. |c1939. |
| 300 | |a174p.|bcarte, photographies |
| 500 | |aPublication historique numérisée par Agriculture et Agroalimentaire Canada. |
| 590 | |a13-17-Supp|b2013-07-25 |
| 691 | 07|aAgriculture|2gcpds |
| 691 | 07|aExploitation agricole|2gcpds |
| 691 | 07|aRecherche scientifique|2gcpds |
| 691 | 07|aTerre agricole|2gcpds |
| 775 | 08|tFifty years of progress on Dominion Experimental Farms, 1886-1936 |w(CaOODSP)9.697816 |
| 856 | 40|ahttp://publications.gc.ca|qPDF|s72.21 Mo|uhttps://publications.gc.ca/collections/collection_2013/aac-aafc/agrhist/A22-578-1939-fra.pdf |